{"text_format":"3","workbook":"xlsx","n_sheets":11,"sheets":["编制说明","表-04 单位工程招标控制价汇总表","表-08 分部分项工程和单价措施项目清单与计价表(含分部小计)","表3-9 综合单价分析表（三）","表-11 总价措施项目清单与计价表","表3-12 措施项目计价表（二）","表-12 其他项目清单与计价汇总表","表-12-1 暂列金额表","表-12-3 专业工程暂估价及结算价表","表-13 规费、税金项目清单与计价表","5.1-1单位工程人材机汇总表"],"not_rendered":{"external_links":22,"defined_names":408},"read":"whole","date_system":"1900"}

{"sheet":"编制说明","index":0,"n_rows":23,"n_cols":199,"rows_kept":23,"merged":[[0,0,1,1]]}
["投标报价说明"]
[]
["一","工程量清单编制依据："]
[1,"科研楼部分实验室工艺一体化设备购买与配套安装项目《装饰施工图》、《给排水施工图》、《电气施工图》"]
[2,"广东省现行预算定额"]
["二","预算清单内容:"]
[1,"施工图纸所包含的一切工作内容；                                     "]
[2,"为完成本工程施工工作所需要的一切措施工作内容。"]
["三","投标报价注意事项说明:"]
[1,"本次招标范围为科研楼R203-1/R203-2/R203-4/R411/R509/R707/R806/R809实验室装饰及机电工程,范围以图纸和招标答疑文件为准；招标单位提供的预算清单不得修改(包括格式也不得修改),若有错漏，可在补充报价中修正；投标人在接到招标文件后，必须仔细计算工程量，核对招标人发出的清单内的工程量是否正确、列项是否齐全。核对有异的，投标人应对招标人发出书面的疑问。如招标人未予以回复，投标人应自行在清单“错漏项补充如下(自行增减)”内自行对工程量进行修正及补充漏项。如投标人未在清单“错漏项补充如下(自行增减)”内自行对工程量进行修正及补充列项，视为清单内工程量与图纸的差异、未单独列项的项目费用都已全部包含在综合单价中；",{"$nulls":195},0]
[2,"本工程采用图纸范围内清单单价包干,措施费总价包干。该包干单价包括但不限于：人工费、材料费、辅料费、机械费、运输费、安装费、水电费、施工用水电接驳费、原材料检测费、规费、管理费、利润、各种税费及风险费等乙方为完成合同约定承包范围所需的全部费用。\n包干措施费包括但不限于：图纸深化设计费、环境保护费、安全文明施工费、临时设施费、夜间施工费、垂直运输费、二次搬运费、冬雨季施工增加费、大型机械设备进出场及安拆费、赶工措施费、设备材料安装及成品保护费、超高施工增加费、室内空气污染测试费、脚手架费、特殊工艺增加费，甲供材料保管费、配合费，中标人应该办理的保险费、管理费、利润、各种税费及风险费等乙方为完成合同约定承包范围所需的全部费用；",{"$nulls":196},0]
[3,"投标单位在投标前应踏勘现场，充分考虑现场、图纸等实际情况(如:运输条件、施工场地、地质条件、施工时间区段等)；投标单位也应深入理解技术要求和验收要求,所有在招标时提供的文件均认为已完整无误包含在总价之中；"]
[4,"投标人一旦完成投标过程(即确认中标单位)后,若中标单位再发现招标清单的回标报价中存在漏报工程项目、价格有漏报等情况，均不做调整，视为已包含在其他回标项目及报价中；"]
[5,"特别说明：成品保护、材料送检、环境检测、二次搬运、脚手架、天花反支撑、天花转换层、机电开孔（如灯具、开关、插座面板、检修口、风口等）、基层的防火防腐处理等相关费用在综合单价中考虑，不单独计项；原有地面墙面天花基层的凿毛、铲除、清理、修复、防水找平及防水保护层、防潮、防腐、防白蚁、甲醛处理及装修后清理等相关费用在综合单价中考虑，不单独计项；\n"]
[6,"投标单位应踏勘现场，综合考虑现场实际需地面找平、墙面找平、结合层厚度、瓷砖胶厚度，实际找平、结合层厚度、瓷砖胶厚度与清单、图纸不一致时，价格不进行调整；"]
[7,"甲方专项分包管理、服务、配合费，分包专业完成面收边收口费用含在合同总价中；"]
[8,"甲供材料总损耗率按2003年《深圳市建筑/装饰/安装工程消耗量标准》中的损耗率执行，承包方实际领用甲供材料超出损耗率部分由承包方承担超出部分的费用，并直接从承包方结算总价中扣减超出部分的费用；"]
[9,"地面石材需考虑晶面处理，面层需考虑成品保护费用、木饰面按成品木挂板考虑；1次防水试水需包含在本次报价中。地面石材厚度要求20mm足尺，浅色石材采用白色水泥粘接；"]
[10,"综合单价包干补充说明：综合单价不因深化设计而调整（深化设计是指在保证原施工图中的材料、材质、规格、效果等保持不变的基础上，对原施工图及清单不详细做法不明确的地方进行的细部补充设计）；"]
[11,"所有乙方施工的门报价需含相应五金配件；"]
[12,"清单中已填暂定综合单价的项目投标人无需报价；清单中已填暂定主材费的项目投标人仅需填报人机费、辅材费"]
[13,"本页不得删除,将作为合同清单的有效组成部分。"]
[14]

{"sheet":"表-04 单位工程招标控制价汇总表","index":1,"n_rows":38,"n_cols":6,"rows_kept":38,"merged":[[0,0,0,5],[1,0,1,2],[1,4,1,5],[2,2,2,4],[3,2,3,4],[4,2,4,4],[5,2,5,4],[6,2,6,4],[7,2,7,4],[8,2,8,4],[9,2,9,4],[10,2,10,4],[11,2,11,4],[12,2,12,4],[13,2,13,4],[14,2,14,4],[15,2,15,4],[16,2,16,4],[17,2,17,4],[18,2,18,4],[19,2,19,4],[20,2,20,4],[21,2,21,4],[22,2,22,4],[23,2,23,4],[24,2,24,4],[25,2,25,4],[26,2,26,4],[27,2,27,4],[28,2,28,4],[29,2,29,4],[30,2,30,4],[31,2,31,4],[32,2,32,4],[33,2,33,4],[34,2,34,4],[35,2,35,4],[36,2,36,4],[37,0,37,1],[37,2,37,4]]}
["单位工程预算编制汇总表"]
["工程名称：广东以色列科研楼部分实验室工艺一体化设备购买及配套安装项目-安装",null,null,"标段：","第 1 页  共 1 页"]
["序号","汇总内容","金额:(元)",null,null,"其中：暂估价(元)"]
["1","分部分项合计",213805.54]
["1.1","给排水",39762.15]
["1.2","电气设备",174043.39]
["2","措施合计",17074.18]
["2.1","绿色施工安全防护措施费",15278.09]
["2.2","其他措施费",1796.09]
["3","其他项目",26651.75,null,null,"－"]
["3.1","暂列金额",21380.55]
["3.2","暂估价",1000]
["3.3","计日工"]
["3.4","总承包服务费"]
["3.5","预算包干费",4271.2]
["3.6","工程优质费"]
["3.7","概算幅度差"]
["3.8","索赔费用"]
["3.9","现场签证费用"]
["3.10","其他费用"]
["4","税前工程造价",257531.47]
["5","增值税销项税额",23177.83,null,null,"－"]
["6","总造价",280709.3]
["7","人工费",44214.68]
{"$rows_empty":13}
["招标控制价合计=1+2+3+4+5",null,"280,709.30",null,null,"0.00"]

{"sheet":"表-08 分部分项工程和单价措施项目清单与计价表(含分部小计)","index":2,"n_rows":96,"n_cols":11,"rows_kept":96,"merged":[[0,0,0,10],[1,0,1,3],[1,4,1,7],[1,8,1,10],[2,0,3,0],[2,1,3,1],[2,2,3,2],[2,3,3,4],[2,5,3,5],[2,6,3,6],[2,7,2,10],[3,7,3,8],[3,9,3,9],[4,3,4,4],[4,7,4,8],[5,3,5,4],[5,7,5,8],[6,3,6,4],[6,7,6,8],[7,3,7,4],[7,7,7,8],[8,3,8,4],[8,7,8,8],[9,3,9,4],[9,7,9,8],[10,3,10,4],[10,7,10,8],[11,3,11,4],[11,7,11,8],[12,3,12,4],[12,7,12,8],[13,3,13,4],[13,7,13,8],[14,3,14,4],[14,7,14,8],[15,0,15,8],[16,0,16,10],[17,0,17,3],[17,4,17,7],[17,8,17,10],[18,0,18,10],[19,0,19,3],[19,4,19,7],[19,8,19,10],[20,0,21,0],[20,1,21,1],[20,2,21,2],[20,3,21,4],[20,5,21,5],[20,6,21,6],[20,7,20,10],[21,7,21,8],[21,9,21,9],[22,3,22,4],[22,7,22,8],[23,3,23,4],[23,7,23,8],[24,3,24,4],[24,7,24,8],[25,3,25,4],[25,7,25,8],[26,3,26,4],[26,7,26,8],[27,3,27,4],[27,7,27,8],[28,3,28,4],[28,7,28,8],[29,3,29,4],[29,7,29,8],[30,3,30,4],[30,7,30,8],[31,3,31,4],[31,7,31,8],[32,3,32,4],[32,7,32,8],[33,3,33,4],[33,7,33,8],[34,3,34,4],[34,7,34,8],[35,3,35,4],[35,7,35,8],[36,3,36,4],[36,7,36,8],[37,3,37,4],[37,7,37,8],[38,3,38,4],[38,7,38,8],[39,3,39,4],[39,7,39,8],[40,3,40,4],[40,7,40,8],[41,3,41,4],[41,7,41,8],[42,0,42,8],[43,0,43,10],[44,0,44,3],[44,4,44,7],[44,8,44,10],[45,0,45,10],[46,0,46,3],[46,4,46,7],[46,8,46,10],[47,0,48,0],[47,1,48,1],[47,2,48,2],[47,3,48,4],[47,5,48,5],[47,6,48,6],[47,7,47,10],[48,7,48,8],[48,9,48,9],[49,3,49,4],[49,7,49,8],[50,3,50,4],[50,7,50,8],[51,3,51,4],[51,7,51,8],[52,3,52,4],[52,7,52,8],[53,3,53,4],[53,7,53,8],[54,3,54,4],[54,7,54,8],[55,3,55,4],[55,7,55,8],[56,3,56,4],[56,7,56,8],[57,3,57,4],[57,7,57,8],[58,3,58,4],[58,7,58,8],[59,3,59,4],[59,7,59,8],[60,3,60,4],[60,7,60,8],[61,3,61,4],[61,7,61,8],[62,3,62,4],[62,7,62,8],[63,3,63,4],[63,7,63,8],[64,3,64,4],[64,7,64,8],[65,3,65,4],[65,7,65,8],[66,3,66,4],[66,7,66,8],[67,0,67,8],[68,0,68,10],[69,0,69,3],[69,4,69,7],[69,8,69,10],[70,0,70,10],[71,0,71,3],[71,4,71,7],[71,8,71,10],[72,0,73,0],[72,1,73,1],[72,2,73,2],[72,3,73,4],[72,5,73,5],[72,6,73,6],[72,7,72,10],[73,7,73,8],[73,9,73,9],[74,3,74,4],[74,7,74,8],[75,3,75,4],[75,7,75,8],[76,3,76,4],[76,7,76,8],[77,3,77,4],[77,7,77,8],[78,3,78,4],[78,7,78,8],[79,3,79,4],[79,7,79,8],[80,3,80,4],[80,7,80,8],[81,3,81,4],[81,7,81,8],[82,3,82,4],[82,7,82,8],[83,3,83,4],[83,7,83,8],[84,3,84,4],[84,7,84,8],[85,3,85,4],[85,7,85,8],[86,3,86,4],[86,7,86,8],[87,3,87,4],[87,7,87,8],[88,3,88,4],[88,7,88,8],[89,3,89,4],[89,7,89,8],[90,3,90,4],[90,7,90,8],[91,3,91,4],[91,7,91,8],[92,0,92,8],[93,0,93,8],[94,0,94,10],[95,0,95,3],[95,4,95,7],[95,8,95,10]]}
["分部分项工程和单价措施项目清单与计价表"]
["工程名称：广东以色列科研楼部分实验室工艺一体化设备购买及配套安装项目-安装",{"$nulls":3},"标段：",{"$nulls":3},"第 1 页  共 4 页"]
["序号","项目编码","项目名称","项目特征描述",null,"计量单位","工程量","金额（元）"]
[{"$nulls":7},"综合单价",null,"综合合价","其中：暂估价"]
[null,null,"给排水"]
[1,"030611001001","减压阀","1.螺纹阀安装 公称直径(mm以内) 20",null,"个","12",301.38,null,3616.56]
[2,"030611001002","隔膜阀","1.螺纹阀安装 公称直径(mm以内) 20",null,"个","12",144.37,null,1732.44]
[3,"031003013001","水表","1.螺纹水表 公称直径(mm以内) 20",null,"个","6",153.8,null,922.8]
[4,"031001003003","不锈钢管DN25","1.给排水管道 室内薄壁不锈钢管(卡压连接) 公称直径(mm以内) 25\n2.管道消毒、冲洗 公称直径(mm以内) 25",null,"m","176",70.28,null,12369.28]
[5,"031001003004","316给水管不锈钢管DN20","1.给排水管道 室内薄壁不锈钢管(卡压连接) 公称直径(mm以内) 20\n2.管道消毒、冲洗 公称直径(mm以内) 20",null,"m","20.5",67.09,null,1375.35]
[6,"031001003005","316给水管不锈钢管DN15","1.给排水管道 室内薄壁不锈钢管(卡压连接) 公称直径(mm以内) 15\n2.管道消毒、冲洗 公称直径(mm以内) 15",null,"m","52",49.59,null,2578.68]
[7,"031001003006","304冷冻给水管DN20","1.给排水管道 室内薄壁不锈钢管(卡压连接) 公称直径(mm以内) 20\n2.橡塑保温套管安装 管道公称直径(mm以内) 20\n3.管道消毒、冲洗 公称直径(mm以内) 20",null,"m","30",62.25,null,1867.5]
[8,"031001003001","304给水管不锈钢管DN20","1.给排水管道 室内薄壁不锈钢管(卡压连接) 公称直径(mm以内) 20\n2.管道消毒、冲洗 公称直径(mm以内) 20",null,"m","90",55.62,null,5005.8]
[9,"031001003002","304给水管不锈钢管DN15","1.给排水管道 室内薄壁不锈钢管(卡压连接) 公称直径(mm以内) 15\n2.管道消毒、冲洗 公称直径(mm以内) 15",null,"m","120",42.61,null,5113.2]
[10,"031001006001","塑料管DE75","1.给排水管道 室内塑料排水管(粘接) 公称外径(mm以内) 75",null,"m","80",39.66,null,3172.8]
["本页小计",{"$nulls":8},37754.41]
["注：为计取规费等的使用，可在表中增设其中：“定额人工费”。"]
[{"$nulls":8},"表—08"]
["分部分项工程和单价措施项目清单与计价表"]
["工程名称：广东以色列科研楼部分实验室工艺一体化设备购买及配套安装项目-安装",{"$nulls":3},"标段：",{"$nulls":3},"第 2 页  共 4 页"]
["序号","项目编码","项目名称","项目特征描述",null,"计量单位","工程量","金额（元）"]
[{"$nulls":7},"综合单价",null,"综合合价","其中：暂估价"]
[11,"031001006002","塑料管DE50","1.给排水管道 室内塑料排水管(粘接) 公称外径(mm以内) 50",null,"m","64",27.35,null,1750.4]
[12,"031003001001","地漏","1.地漏安装 公称直径(mm以内) 50",null,"个","3",85.78,null,257.34]
[null,null,"给排水合计",{"$nulls":6},39762.15]
[null,null,"电气设备"]
[13,"030904003001","紧急按钮","1.按钮安装",null,"个","7",213.69,null,1495.83]
[14,"030404034001","单位开关","1.照明开关安装 扳式暗开关(单控) 单联",null,"个","8",31.29,null,250.32]
[15,"030404034002","双位开关","1.照明开关安装 扳式暗开关(单控) 双联",null,"个","3",40.13,null,120.39]
[16,"030404034003","三位开关","1.照明开关安装 扳式暗开关(单控) 三联",null,"个","2",46.23,null,92.46]
[17,"030404034004","四位开关","1.照明开关安装 扳式暗开关(单控) 四联",null,"个","9",51.19,null,460.71]
[18,"030404035002","220V/16A插座","单相暗插座安装 单相(A以下) 16",null,"个","66",35.88,null,2368.08]
[19,"030404035003","220/10A插座","单相暗插座安装 单相(A以下) 16",null,"个","25",30.44,null,761]
[20,"030404035004","380V/16A插座","1.三相带接地暗插座安装(A以下) 16",null,"个","18",138.85,null,2499.3]
[21,"030412001004","嵌入式灯盘1200*300","1.普通成套型荧光灯具安装 嵌入式 三管",null,"套","85",551.86,null,46908.1]
[22,"030412001005","嵌入式洁净灯盘1200*300","1.普通成套型荧光灯具安装 嵌入式 三管",null,"套","9",587.75,null,5289.75]
[23,"030412001006","嵌入式洁净灯盘600*600","1.普通成套型荧光灯具安装 嵌入式 三管",null,"套","3",515.97,null,1547.91]
[24,"030404033001","排气扇","1.风扇安装 排气扇",null,"台","6",195.29,null,1171.74]
[25,"030408001002","YJE3*2.5","1.铜芯电力电缆敷设 电缆(截面mm2以下) 10 \u007f6mm2以下电力电缆敷设 单价*0.6",null,"m","733.73",9.5,null,6970.44]
[26,"030408001001","YJE3*4","1.铜芯电力电缆敷设 电缆(截面mm2以下) 10 \u007f6mm2以下电力电缆敷设 单价*0.6",null,"m","1072.95",9.98,null,10708.04]
[27,"030408001003","YJE3*6","1.铜芯电力电缆敷设 电缆(截面mm2以下) 10  \u007f",null,"m","10",12.06,null,120.6]
[28,"030408001005","YJE3*16","1.铜芯电力电缆敷设 电缆(截面mm2以下) 35",null,"m","14.3",64.54,null,922.92]
["本页小计",{"$nulls":8},83695.33]
["注：为计取规费等的使用，可在表中增设其中：“定额人工费”。"]
[{"$nulls":8},"表—08"]
["分部分项工程和单价措施项目清单与计价表"]
["工程名称：广东以色列科研楼部分实验室工艺一体化设备购买及配套安装项目-安装",{"$nulls":3},"标段：",{"$nulls":3},"第 3 页  共 4 页"]
["序号","项目编码","项目名称","项目特征描述",null,"计量单位","工程量","金额（元）"]
[{"$nulls":7},"综合单价",null,"综合合价","其中：暂估价"]
[29,"030408001009","YJE5*4","1.铜芯电力电缆敷设 电缆(截面mm2以下) 10 \u007f五芯 单价*1.3",null,"m","196.65",34.92,null,6867.02]
[30,"030408001004","YJE5*6","1.铜芯电力电缆敷设 电缆(截面mm2以下) 10 \u007f五芯 单价*1.3",null,"m","25",49.59,null,1239.75]
[31,"030408001006","YJE5*16","1.铜芯电力电缆敷设 电缆(截面mm2以下) 35 \u007f五芯 单价*1.3",null,"m","105",100.15,null,10515.75]
[32,"030408001008","YJE4*70+1*35","1.铜芯电力电缆敷设 电缆(截面mm2以下) 70 \u007f五芯 单价*1.3",null,"m","15",220.47,null,3307.05]
[33,"030502005002","ZRRVSR-4*1.5","1.敷设双绞线缆或电话线 管、暗槽内穿放(对以内) 2",null,"m","44.3",18.96,null,839.93]
[34,"030411001002","MT16","1.镀锌电线管砖、混凝土结构暗配 公称直径(mm以内) 20",null,"m","560",11.66,null,6529.6]
[35,"030411001001","MT19","1.镀锌电线管砖、混凝土结构暗配 公称直径(mm以内) 20",null,"m","1667.88",13.48,null,22483.02]
[36,"030411001003","MT25","1.镀锌电线管砖、混凝土结构暗配 公称直径(mm以内) 25",null,"m","180.45",19.65,null,3545.84]
[37,"030411001004","MT32","1.镀锌电线管砖、混凝土结构暗配 公称直径(mm以内) 32",null,"m","35.4",27.45,null,971.73]
[38,"030411001005","MR50*50","1.金属线槽安装 宽+高(mm以内) 120",null,"m","130",40.49,null,5263.7]
[39,"030502005003","六类网线","1.敷设双绞线缆或电话线 管、暗槽内穿放(对以内) 2",null,"m","560",6.45,null,3612]
[40,"030414002001","送配电装置系统","送配电装置系统调试 (综合) 1kV以下交流供电",null,"系统","1",905.83,null,905.83]
[41,"030404017001","配电箱AP203-2","1.成套配电箱安装 悬挂式(半周长m以内) 1.5",null,"台","1",2844.43,null,2844.43]
[42,"030404017002","配电箱AP203-1","1.成套配电箱安装 悬挂式(半周长m以内) 1.5",null,"台","1",1744.43,null,1744.43]
[43,"030404017004","配电箱AP411","1.成套配电箱安装 悬挂式(半周长m以内) 1.5",null,"台","1",1644.43,null,1644.43]
[44,"030404017005","配电箱AP509","1.成套配电箱安装 悬挂式(半周长m以内) 1.5",null,"台","1",1444.43,null,1444.43]
[45,"030404017006","配电箱AP707","1.成套配电箱安装 悬挂式(半周长m以内) 1.5",null,"台","1",1644.43,null,1644.43]
[46,"030404017007","配电箱AP806","1.成套配电箱安装 悬挂式(半周长m以内) 1.5",null,"台","1",3159.43,null,3159.43]
["本页小计",{"$nulls":8},78562.8]
["注：为计取规费等的使用，可在表中增设其中：“定额人工费”。"]
[{"$nulls":8},"表—08"]
["分部分项工程和单价措施项目清单与计价表"]
["工程名称：广东以色列科研楼部分实验室工艺一体化设备购买及配套安装项目-安装",{"$nulls":3},"标段：",{"$nulls":3},"第 4 页  共 4 页"]
["序号","项目编码","项目名称","项目特征描述",null,"计量单位","工程量","金额（元）"]
[{"$nulls":7},"综合单价",null,"综合合价","其中：暂估价"]
[47,"030404017008","配电箱AP809","1.成套配电箱安装 悬挂式(半周长m以内) 1.5",null,"台","1",1444.43,null,1444.43]
[48,"030404017009","配电箱AP203-4","1.成套配电箱安装 悬挂式(半周长m以内) 1.5",null,"台","1",3559.43,null,3559.43]
[49,"030404021001","C65N-D20A/2P+VE","1.DZ自动空气断路器安装 额定电流(A以内) 32",null,"个","3",172.69,null,518.07]
[50,"030413002001","凿(压)槽","1.凿槽、刨沟(砖结构) 宽×深(mm以内) 70×70\n2.沟槽修补 尺寸(宽×深mm) 70×70",null,"m","244.5",24.97,null,6105.17]
[51,"030411006001","接线盒","1.接线盒安装 接线盒 暗装",null,"个","242",8.95,null,2165.9]
[null,null,"电气设备合计",{"$nulls":6},174043.39]
[null,null,"分部分项合计",{"$nulls":6},213805.54]
[null,null,"措施项目"]
[52,"031302007001","高层施工增加",null,null,"项","1"]
[53,"031301017001","脚手架搭拆费","1.脚手架搭拆费(消防工程)\n2.脚手架搭拆费(单独承担埋地或沟槽敷设线缆工程除外)(电气设备安装工程，除10章)\n3.脚手架搭拆费(建筑智能化工程)\n4.脚手架搭拆费(单独承担埋地管道工程除外)(给排水、采暖、燃气工程)\n5.脚手架搭拆费(刷油、防腐蚀、绝热工程)",null,"项","1",1796.09,null,1796.09]
[null,null,"单价措施合计",{"$nulls":6},1796.09]
{"$rows_empty":7}
["本页小计",{"$nulls":8},15589.09]
["合   计",{"$nulls":8},215601.63]
["注：为计取规费等的使用，可在表中增设其中：“定额人工费”。"]
[{"$nulls":8},"表—08"]

{"sheet":"表3-9 综合单价分析表（三）","index":3,"n_rows":69,"n_cols":12,"rows_kept":69,"merged":[[0,0,0,11],[1,0,1,6],[1,8,1,11],[2,0,3,0],[2,1,3,1],[2,2,3,2],[2,3,3,3],[2,4,2,10],[2,11,3,11],[3,6,3,8],[4,2,4,3],[4,6,4,8],[5,6,5,8],[6,6,6,8],[7,6,7,8],[8,6,8,8],[9,6,9,8],[10,6,10,8],[11,6,11,8],[12,6,12,8],[13,6,13,8],[14,6,14,8],[15,6,15,8],[16,6,16,8],[17,0,17,11],[18,0,18,6],[18,8,18,11],[19,0,20,0],[19,1,20,1],[19,2,20,2],[19,3,20,3],[19,4,19,10],[19,11,20,11],[20,6,20,8],[21,2,21,3],[21,6,21,8],[22,6,22,8],[23,6,23,8],[24,6,24,8],[25,6,25,8],[26,6,26,8],[27,6,27,8],[28,6,28,8],[29,6,29,8],[30,6,30,8],[31,6,31,8],[32,6,32,8],[33,6,33,8],[34,6,34,8],[35,6,35,8],[36,6,36,8],[37,6,37,8],[38,6,38,8],[39,6,39,8],[40,0,40,11],[41,0,41,6],[41,8,41,11],[42,0,43,0],[42,1,43,1],[42,2,43,2],[42,3,43,3],[42,4,42,10],[42,11,43,11],[43,6,43,8],[44,6,44,8],[45,6,45,8],[46,6,46,8],[47,6,47,8],[48,6,48,8],[49,6,49,8],[50,6,50,8],[51,6,51,8],[52,6,52,8],[53,6,53,8],[54,6,54,8],[55,6,55,8],[56,6,56,8],[57,6,57,8],[58,6,58,8],[59,6,59,8],[60,6,60,8],[61,6,61,8],[62,6,62,8],[63,6,63,8],[64,0,64,11],[65,0,65,6],[65,8,65,11],[66,0,67,0],[66,1,67,1],[66,2,67,2],[66,3,67,3],[66,4,66,10],[66,11,67,11],[67,6,67,8],[68,6,68,8],[69,6,69,8],[70,6,70,8],[71,6,71,8],[72,6,72,8],[73,6,73,8],[74,6,74,8],[75,6,75,8],[76,6,76,8],[77,6,77,8],[78,6,78,8],[79,6,79,8],[80,6,80,8],[81,6,81,8],[82,6,82,8],[83,6,83,8],[84,6,84,8],[85,6,85,8],[86,6,86,8],[87,6,87,8],[88,6,88,8],[89,6,89,8],[90,6,90,8],[91,6,91,8],[92,6,92,8],[93,6,93,8],[94,6,94,8],[95,6,95,8],[96,6,96,8],[97,6,97,8],[98,6,98,8],[99,6,99,8],[100,6,100,8]]}
["综合单价分析表"]
["工程名称：广东以色列科研楼部分实验室工艺一体化设备购买及配套安装项目-安装",{"$nulls":7},"第 1 页  共 4 页"]
["序号","项目编码","项目名称","项目特征","金额（元）",{"$nulls":6},"综合单价"]
[{"$nulls":4},"人工费","材料费","机械使用费",null,null,"管理费","利润"]
[null,null,"给排水"]
[1,"030611001001","减压阀","1.螺纹阀安装 公称直径(mm以内) 20",7.69,289.4,0.42,null,null,2.25,1.62,301.38]
[2,"030611001002","隔膜阀","1.螺纹阀安装 公称直径(mm以内) 20",7.69,132.39,0.42,null,null,2.25,1.62,144.37]
[3,"031003013001","水表","1.螺纹水表 公称直径(mm以内) 20",18.63,126.28,{"$nulls":3},5.17,3.72,153.8]
[4,"031001003003","不锈钢管DN25","1.给排水管道 室内薄壁不锈钢管(卡压连接) 公称直径(mm以内) 25\n2.管道消毒、冲洗 公称直径(mm以内) 25",15.09,47.76,0.16,null,null,4.23,3.05,70.28]
[5,"031001003004","316给水管不锈钢管DN20","1.给排水管道 室内薄壁不锈钢管(卡压连接) 公称直径(mm以内) 20\n2.管道消毒、冲洗 公称直径(mm以内) 20",13.92,46.35,0.12,null,null,3.89,2.81,67.09]
[6,"031001003005","316给水管不锈钢管DN15","1.给排水管道 室内薄壁不锈钢管(卡压连接) 公称直径(mm以内) 15\n2.管道消毒、冲洗 公称直径(mm以内) 15",12.68,30.69,0.12,null,null,3.55,2.56,49.59]
[7,"031001003006","304冷冻给水管DN20","1.给排水管道 室内薄壁不锈钢管(卡压连接) 公称直径(mm以内) 20\n2.橡塑保温套管安装 管道公称直径(mm以内) 20\n3.管道消毒、冲洗 公称直径(mm以内) 20",14.65,40.49,0.12,null,null,4.04,2.95,62.25]
[8,"031001003001","304给水管不锈钢管DN20","1.给排水管道 室内薄壁不锈钢管(卡压连接) 公称直径(mm以内) 20\n2.管道消毒、冲洗 公称直径(mm以内) 20",13.92,34.87,0.12,null,null,3.89,2.81,55.62]
[9,"031001003002","304给水管不锈钢管DN15","1.给排水管道 室内薄壁不锈钢管(卡压连接) 公称直径(mm以内) 15\n2.管道消毒、冲洗 公称直径(mm以内) 15",12.68,23.7,0.12,null,null,3.55,2.56,42.61]
[10,"031001006001","塑料管DE75","1.给排水管道 室内塑料排水管(粘接) 公称外径(mm以内) 75",18.47,12.38,{"$nulls":3},5.12,3.69,39.66]
[11,"031001006002","塑料管DE50","1.给排水管道 室内塑料排水管(粘接) 公称外径(mm以内) 50",13.79,6.98,{"$nulls":3},3.82,2.76,27.35]
[12,"031003001001","地漏","1.地漏安装 公称直径(mm以内) 50",16.6,61.26,{"$nulls":3},4.6,3.32,85.78]
["综合单价分析表"]
["工程名称：广东以色列科研楼部分实验室工艺一体化设备购买及配套安装项目-安装",{"$nulls":7},"第 2 页  共 4 页"]
["序号","项目编码","项目名称","项目特征","金额（元）",{"$nulls":6},"综合单价"]
[{"$nulls":4},"人工费","材料费","机械使用费",null,null,"管理费","利润"]
[null,null,"电气设备"]
[13,"030904003001","紧急按钮","1.按钮安装",37.47,158.27,0.05,null,null,10.4,7.5,213.69]
[14,"030404034001","单位开关","1.照明开关安装 扳式暗开关(单控) 单联",7.79,19.71,{"$nulls":3},2.24,1.56,31.29]
[15,"030404034002","双位开关","1.照明开关安装 扳式暗开关(单控) 双联",8.14,28.02,{"$nulls":3},2.34,1.63,40.13]
[16,"030404034003","三位开关","1.照明开关安装 扳式暗开关(单控) 三联",8.15,34.12,{"$nulls":3},2.34,1.63,46.23]
[17,"030404034004","四位开关","1.照明开关安装 扳式暗开关(单控) 四联",8.14,39.07,{"$nulls":3},2.34,1.63,51.19]
[18,"030404035002","220V/16A插座","单相暗插座安装 单相(A以下) 16",7.95,24.05,{"$nulls":3},2.29,1.59,35.88]
[19,"030404035003","220/10A插座","单相暗插座安装 单相(A以下) 16",7.95,18.62,{"$nulls":3},2.29,1.59,30.44]
[20,"030404035004","380V/16A插座","1.三相带接地暗插座安装(A以下) 16",10.35,123.46,{"$nulls":3},2.97,2.07,138.85]
[21,"030412001004","嵌入式灯盘1200*300","1.普通成套型荧光灯具安装 嵌入式 三管",45.53,484.14,{"$nulls":3},13.09,9.11,551.86]
[22,"030412001005","嵌入式洁净灯盘1200*300","1.普通成套型荧光灯具安装 嵌入式 三管",45.53,520.03,{"$nulls":3},13.09,9.11,587.75]
[23,"030412001006","嵌入式洁净灯盘600*600","1.普通成套型荧光灯具安装 嵌入式 三管",45.53,448.25,{"$nulls":3},13.09,9.11,515.97]
[24,"030404033001","排气扇","1.风扇安装 排气扇",58.6,108.13,{"$nulls":3},16.84,11.72,195.29]
[25,"030408001002","YJE3*2.5","1.铜芯电力电缆敷设 电缆(截面mm2以下) 10 \u007f6mm2以下电力电缆敷设 单价*0.6",1.94,6.55,0.05,null,null,0.57,0.4,9.5]
[26,"030408001001","YJE3*4","1.铜芯电力电缆敷设 电缆(截面mm2以下) 10 \u007f6mm2以下电力电缆敷设 单价*0.6",1.94,7.03,0.05,null,null,0.57,0.4,9.98]
[27,"030408001003","YJE3*6","1.铜芯电力电缆敷设 电缆(截面mm2以下) 10  \u007f",3.24,7.14,0.08,null,null,0.95,0.66,12.06]
[28,"030408001005","YJE3*16","1.铜芯电力电缆敷设 电缆(截面mm2以下) 35",6.19,55.11,0.15,null,null,1.82,1.27,64.54]
[29,"030408001009","YJE5*4","1.铜芯电力电缆敷设 电缆(截面mm2以下) 10 \u007f五芯 单价*1.3",4.2,28.52,0.1,null,null,1.24,0.86,34.92]
[30,"030408001004","YJE5*6","1.铜芯电力电缆敷设 电缆(截面mm2以下) 10 \u007f五芯 单价*1.3",4.21,43.19,0.1,null,null,1.24,0.86,49.59]
["综合单价分析表"]
["工程名称：广东以色列科研楼部分实验室工艺一体化设备购买及配套安装项目-安装",{"$nulls":7},"第 3 页  共 4 页"]
["序号","项目编码","项目名称","项目特征","金额（元）",{"$nulls":6},"综合单价"]
[{"$nulls":4},"人工费","材料费","机械使用费",null,null,"管理费","利润"]
[31,"030408001006","YJE5*16","1.铜芯电力电缆敷设 电缆(截面mm2以下) 35 \u007f五芯 单价*1.3",8.05,87.89,0.2,null,null,2.37,1.65,100.15]
[32,"030408001008","YJE4*70+1*35","1.铜芯电力电缆敷设 电缆(截面mm2以下) 70 \u007f五芯 单价*1.3",10.73,203.05,0.98,null,null,3.37,2.34,220.47]
[33,"030502005002","ZRRVSR-4*1.5","1.敷设双绞线缆或电话线 管、暗槽内穿放(对以内) 2",0.63,17.96,0.03,null,null,0.2,0.13,18.96]
[34,"030411001002","MT16","1.镀锌电线管砖、混凝土结构暗配 公称直径(mm以内) 20",4.97,4.27,{"$nulls":3},1.43,0.99,11.66]
[35,"030411001001","MT19","1.镀锌电线管砖、混凝土结构暗配 公称直径(mm以内) 20",4.97,6.08,{"$nulls":3},1.43,0.99,13.48]
[36,"030411001003","MT25","1.镀锌电线管砖、混凝土结构暗配 公称直径(mm以内) 25",7.17,8.94,0.03,null,null,2.07,1.44,19.65]
[37,"030411001004","MT32","1.镀锌电线管砖、混凝土结构暗配 公称直径(mm以内) 32",7.64,16.05,0.03,null,null,2.2,1.53,27.45]
[38,"030411001005","MR50*50","1.金属线槽安装 宽+高(mm以内) 120",12.21,22.33,{"$nulls":3},3.51,2.44,40.49]
[39,"030502005003","六类网线","1.敷设双绞线缆或电话线 管、暗槽内穿放(对以内) 2",0.63,5.46,0.03,null,null,0.2,0.13,6.45]
[40,"030414002001","送配电装置系统","送配电装置系统调试 (综合) 1kV以下交流供电",560.6,null,48.4,null,null,175.03,121.8,905.83]
[41,"030404017001","配电箱AP203-2","1.成套配电箱安装 悬挂式(半周长m以内) 1.5",220.56,2516.37,{"$nulls":3},63.39,44.11,2844.43]
[42,"030404017002","配电箱AP203-1","1.成套配电箱安装 悬挂式(半周长m以内) 1.5",220.56,1416.37,{"$nulls":3},63.39,44.11,1744.43]
[43,"030404017004","配电箱AP411","1.成套配电箱安装 悬挂式(半周长m以内) 1.5",220.56,1316.37,{"$nulls":3},63.39,44.11,1644.43]
[44,"030404017005","配电箱AP509","1.成套配电箱安装 悬挂式(半周长m以内) 1.5",220.56,1116.37,{"$nulls":3},63.39,44.11,1444.43]
[45,"030404017006","配电箱AP707","1.成套配电箱安装 悬挂式(半周长m以内) 1.5",220.56,1316.37,{"$nulls":3},63.39,44.11,1644.43]
[46,"030404017007","配电箱AP806","1.成套配电箱安装 悬挂式(半周长m以内) 1.5",220.56,2831.37,{"$nulls":3},63.39,44.11,3159.43]
[47,"030404017008","配电箱AP809","1.成套配电箱安装 悬挂式(半周长m以内) 1.5",220.56,1116.37,{"$nulls":3},63.39,44.11,1444.43]
[48,"030404017009","配电箱AP203-4","1.成套配电箱安装 悬挂式(半周长m以内) 1.5",220.56,3231.37,{"$nulls":3},63.39,44.11,3559.43]
[49,"030404021001","C65N-D20A/2P+VE","1.DZ自动空气断路器安装 额定电流(A以内) 32",18.2,145.62,{"$nulls":3},5.23,3.64,172.69]
[50,"030413002001","凿(压)槽","1.凿槽、刨沟(砖结构) 宽×深(mm以内) 70×70\n2.沟槽修补 尺寸(宽×深mm) 70×70",13.19,5.35,{"$nulls":3},3.79,2.64,24.97]
["综合单价分析表"]
["工程名称：广东以色列科研楼部分实验室工艺一体化设备购买及配套安装项目-安装",{"$nulls":7},"第 4 页  共 4 页"]
["序号","项目编码","项目名称","项目特征","金额（元）",{"$nulls":6},"综合单价"]
[{"$nulls":4},"人工费","材料费","机械使用费",null,null,"管理费","利润"]
[51,"030411006001","接线盒","1.接线盒安装 接线盒 暗装",4.13,2.81,{"$nulls":3},1.19,0.83,8.95]

{"sheet":"表-11 总价措施项目清单与计价表","index":4,"n_rows":45,"n_cols":11,"rows_kept":45,"merged":[[0,0,0,10],[1,0,1,5],[1,6,1,7],[1,8,1,10],[2,5,2,6],[2,7,2,8],[3,5,3,6],[3,7,3,8],[4,5,4,6],[4,7,4,8],[5,5,5,6],[5,7,5,8],[6,5,6,6],[6,7,6,8],[7,5,7,6],[7,7,7,8],[8,5,8,6],[8,7,8,8],[9,5,9,6],[9,7,9,8],[10,5,10,6],[10,7,10,8],[11,0,11,5],[11,6,11,10],[12,0,12,10],[13,0,13,5],[13,6,13,7],[13,8,13,10],[14,0,14,10],[15,0,15,5],[15,6,15,7],[15,8,15,10],[16,5,16,6],[16,7,16,8],[17,5,17,6],[17,7,17,8],[18,5,18,6],[18,7,18,8],[19,5,19,6],[19,7,19,8],[20,5,20,6],[20,7,20,8],[21,5,21,6],[21,7,21,8],[22,5,22,6],[22,7,22,8],[23,5,23,6],[23,7,23,8],[24,5,24,6],[24,7,24,8],[25,5,25,6],[25,7,25,8],[26,5,26,6],[26,7,26,8],[27,5,27,6],[27,7,27,8],[28,5,28,6],[28,7,28,8],[29,5,29,6],[29,7,29,8],[30,5,30,6],[30,7,30,8],[31,5,31,6],[31,7,31,8],[32,5,32,6],[32,7,32,8],[33,5,33,6],[33,7,33,8],[34,5,34,6],[34,7,34,8],[35,5,35,6],[35,7,35,8],[36,5,36,6],[36,7,36,8],[37,5,37,6],[37,7,37,8],[38,5,38,6],[38,7,38,8],[39,5,39,6],[39,7,39,8],[40,5,40,6],[40,7,40,8],[41,0,41,4],[41,5,41,6],[41,7,41,8],[42,0,42,5],[42,6,42,10],[43,0,43,10],[44,0,44,5],[44,6,44,7],[44,8,44,10]]}
["总价措施项目清单与计价表"]
["工程名称：广东以色列科研楼部分实验室工艺一体化设备购买及配套安装项目-安装",{"$nulls":5},"标段：",null,"第 1 页  共 2 页"]
["序号","项目编码","项目名称","计算基础","费率\n(%)","金额\n(元)",null,"调整\n费率(%)",null,"调整后\n金额(元)","备注"]
["1","LSSGCSF00001","绿色施工安全防护措施费","分部分项人工费+分部分项机械费","35.77",15278.09,{"$nulls":4},"以分部分项的人工费与施工机具费之和为计算基础，费率35.77%"]
["2","031301010001","安装与生产同时进行增加费用","分部分项人工费","0",{"$nulls":5},"按人工费的10%计算"]
["3","031301011001","在有害身体健康环境中施工增加费","分部分项人工费","0",{"$nulls":5},"按人工费的10%计算"]
["4","TSSGBWZJF001","在地下（暗）室、设备及大口径管道内等特殊施工部位进行施工增加费",null,"30",{"$nulls":5},"按该部分人工费的30%计算"]
["5","粤031302008001","赶工措施费","分部分项人工费+分部分项机械费","0",{"$nulls":5},"赶工措施费=（1-δ）*分部分项（人工费+施工机具费）*0.344 （0.8≤δ＜1   式中：δ=合同工期/定额工期）"]
["6","031302002001","夜间施工增加费",null,"20",{"$nulls":5},"按其夜间施工项目人工费的20%计算"]
["7","JTGRSGZJF001","交通干扰工程施工增加费",null,"10",{"$nulls":5},"按在市政道路上施工项目人工费的10%计算"]
["8","粤031302009001","文明工地增加费","分部分项人工费+分部分项机械费","0",{"$nulls":5},"以分部分项的人工费与施工机具费之和为计算基础；市级文明工地1.00%；省级文明工地"]
["编制人（造价人员）：",{"$nulls":5},"复核人（造价工程师）："]
["注：1.“计算基础”中安全文明施工费可为“定额基价”、“定额人工费”或“定额人工费+定额机械费”，其他项目可为“定额人工费”或“定额人工费+定额机械费”。\n    2.按施工方案计算的措施费，若无“计算基础”和“费率”的数值，也可只填“金额”数值，但应在备注栏说明施工方案出处或计算方法。"]
[{"$nulls":8},"表-11"]
["总价措施项目清单与计价表"]
["工程名称：广东以色列科研楼部分实验室工艺一体化设备购买及配套安装项目-安装",{"$nulls":5},"标段：",null,"第 2 页  共 2 页"]
["序号","项目编码","项目名称","计算基础","费率\n(%)","金额\n(元)",null,"调整\n费率(%)",null,"调整后\n金额(元)","备注"]
[{"$nulls":10},"2.00%"]
["9","DXGXJCJXF001","地下管线交叉降效费",{"$nulls":7},"按实际发生或经批准的施工方案计算"]
["10","QTFY00000001","其他费用",{"$nulls":7},"按实际发生或经批准的施工组织设计方案计算"]
{"$rows_empty":21}
["合    计",{"$nulls":4},15278.09]
["编制人（造价人员）：",{"$nulls":5},"复核人（造价工程师）："]
["注：1.“计算基础”中安全文明施工费可为“定额基价”、“定额人工费”或“定额人工费+定额机械费”，其他项目可为“定额人工费”或“定额人工费+定额机械费”。\n    2.按施工方案计算的措施费，若无“计算基础”和“费率”的数值，也可只填“金额”数值，但应在备注栏说明施工方案出处或计算方法。"]
[{"$nulls":8},"表-11"]

{"sheet":"表3-12 措施项目计价表（二）","index":5,"n_rows":60,"n_cols":10,"rows_kept":60,"merged":[[0,0,0,9],[1,0,1,5],[1,7,1,9],[2,0,3,0],[2,1,3,1],[2,2,3,2],[2,3,3,3],[2,4,3,4],[2,5,3,7],[2,8,2,9],[4,5,4,7],[5,5,5,7],[6,5,6,7],[7,5,7,7],[8,5,8,7],[9,5,9,7],[10,5,10,7],[11,0,11,8],[12,5,12,7],[13,5,13,7],[14,5,14,7],[15,5,15,7],[16,5,16,7],[17,5,17,7],[18,5,18,7],[19,5,19,7],[20,0,20,8],[21,0,21,5],[21,7,21,9],[22,0,22,9],[23,0,23,5],[23,7,23,9],[24,0,25,0],[24,1,25,1],[24,2,25,2],[24,3,25,3],[24,4,25,4],[24,5,25,7],[24,8,24,9],[26,0,26,8],[27,5,27,7],[28,5,28,7],[29,5,29,7],[30,5,30,7],[31,5,31,7],[32,5,32,7],[33,5,33,7],[34,5,34,7],[35,5,35,7],[36,5,36,7],[37,5,37,7],[38,5,38,7],[39,5,39,7],[40,5,40,7],[41,5,41,7],[42,5,42,7],[43,5,43,7],[44,5,44,7],[45,5,45,7],[46,5,46,7],[47,5,47,7],[48,5,48,7],[49,5,49,7],[50,5,50,7],[51,5,51,7],[52,5,52,7],[53,5,53,7],[54,5,54,7],[55,5,55,7],[56,5,56,7],[57,0,57,8],[58,0,58,8],[59,0,59,5],[59,7,59,9]]}
["措施项目清单与计价表（二）"]
["工程名称：广东以色列科研楼部分实验室工艺一体化设备购买及配套安装项目-安装",{"$nulls":6},"第 1 页  共 2 页"]
["序号","项目编码","项目名称","项目特征","计量\n单位","工程数量",null,null,"金额（元）"]
[{"$nulls":8},"综合单价","合价"]
[1,null,"绿色施工安全防护措施费"]
["1.1","1.1","综合脚手架",null,"项","1"]
["1.2","1.2","施工现场围挡和临时占地围档",null,"项","1"]
["1.3","1.3","施工围档照明",null,"项","1"]
["1.4","1.4","防尘降噪绿色施工防护棚",null,"项","1"]
["1.5","1.5","施工便道",null,"项","1"]
["1.6","1.6","样板引路",null,"项","1"]
["小  计"]
[2,null,"措施其他项目"]
["2.1","031302007001","高层施工增加",null,"项","1"]
["2.2","031301017001","脚手架搭拆费","1.脚手架搭拆费(消防工程)\n2.脚手架搭拆费(单独承担埋地或沟槽敷设线缆工程除外)(电气设备安装工程，除10章)\n3.脚手架搭拆费(建筑智能化工程)\n4.脚手架搭拆费(单独承担埋地管道工程除外)(给排水、采暖、燃气工程)\n5.脚手架搭拆费(刷油、防腐蚀、绝热工程)","项","1",null,null,1796.09,1796.09]
["2.2.1","BM341","脚手架搭拆费(消防工程)",null,"元","1",null,null,13.11,13.11]
["2.2.2","BM248","脚手架搭拆费(单独承担埋地或沟槽敷设线缆工程除外)(电气设备安装工程，除10章)",null,"元","1",null,null,1290.2,1290.2]
["2.2.3","BM277","脚手架搭拆费(建筑智能化工程)",null,"元","1",null,null,15.25,15.25]
["2.2.4","BM399","脚手架搭拆费(单独承担埋地管道工程除外)(给排水、采暖、燃气工程)",null,"元","1",null,null,474.92,474.92]
["2.2.5","BM434","脚手架搭拆费(刷油、防腐蚀、绝热工程)",null,"元","1",null,null,2.61,2.61]
["本页小计",{"$nulls":8},1796.09]
["注：本表使用于以综合单价形式计价的措施项目"]
["措施项目清单与计价表（二）"]
["工程名称：广东以色列科研楼部分实验室工艺一体化设备购买及配套安装项目-安装",{"$nulls":6},"第 2 页  共 2 页"]
["序号","项目编码","项目名称","项目特征","计量\n单位","工程数量",null,null,"金额（元）"]
[{"$nulls":8},"综合单价","合价"]
["小  计",{"$nulls":8},1796.09]
{"$rows_empty":30}
["本页小计",{"$nulls":8},1796.09]
["合  计",{"$nulls":8},1796.09]
["注：本表使用于以综合单价形式计价的措施项目"]

{"sheet":"表-12 其他项目清单与计价汇总表","index":6,"n_rows":38,"n_cols":7,"rows_kept":38,"merged":[[0,0,0,4],[0,5,0,6],[1,0,1,6],[2,0,2,2],[2,3,2,4],[2,5,2,6],[3,2,3,3],[3,4,3,5],[4,2,4,3],[4,4,4,5],[5,2,5,3],[5,4,5,5],[6,2,6,3],[6,4,6,5],[7,2,7,3],[7,4,7,5],[8,2,8,3],[8,4,8,5],[9,2,9,3],[9,4,9,5],[10,2,10,3],[10,4,10,5],[11,2,11,3],[11,4,11,5],[12,2,12,3],[12,4,12,5],[13,2,13,3],[13,4,13,5],[14,2,14,3],[14,4,14,5],[15,2,15,3],[15,4,15,5],[16,2,16,3],[16,4,16,5],[17,2,17,3],[17,4,17,5],[18,2,18,3],[18,4,18,5],[19,2,19,3],[19,4,19,5],[20,2,20,3],[20,4,20,5],[21,2,21,3],[21,4,21,5],[22,2,22,3],[22,4,22,5],[23,2,23,3],[23,4,23,5],[24,2,24,3],[24,4,24,5],[25,2,25,3],[25,4,25,5],[26,2,26,3],[26,4,26,5],[27,2,27,3],[27,4,27,5],[28,2,28,3],[28,4,28,5],[29,2,29,3],[29,4,29,5],[30,2,30,3],[30,4,30,5],[31,2,31,3],[31,4,31,5],[32,2,32,3],[32,4,32,5],[33,2,33,3],[33,4,33,5],[34,2,34,3],[34,4,34,5],[35,2,35,3],[35,4,35,5],[36,0,36,6],[37,0,37,2],[37,3,37,4],[37,5,37,6]]}
[]
["其他项目清单与计价汇总表"]
["工程名称：广东以色列科研楼部分实验室工艺一体化设备购买及配套安装项目-安装",null,null,"标段：",null,"第 1 页  共 1 页"]
["序号","项目名称","金额（元）",null,"结算金额（元）",null,"备注"]
["1","暂列金额","21380.55",{"$nulls":3},"明细详见表-12-1"]
["2","暂估价","1000.00"]
["2.1","材料暂估价","—",{"$nulls":3},"明细详见表-12-2"]
["2.2","专业工程暂估价","1000.00",{"$nulls":3},"明细详见表-12-3"]
["3","计日工",{"$nulls":4},"明细详见表-12-4"]
["4","总承包服务费",{"$nulls":4},"明细详见表-12-5"]
["5","预算包干费","4271.20"]
["6","工程优质费"]
["7","概算幅度差"]
["8","现场签证费用"]
["9","索赔费用"]
["10","其他费用"]
{"$rows_empty":19}
[null,"合  计","26651.75",{"$nulls":3},"—"]
["注：材料（工程设备）暂估单价进入清单项目综合单价，此处不汇总。"]
[{"$nulls":5},"表—12"]

{"sheet":"表-12-1 暂列金额表","index":7,"n_rows":38,"n_cols":7,"rows_kept":38,"merged":[[0,0,0,4],[0,5,0,6],[1,0,1,6],[2,0,2,2],[2,3,2,4],[2,5,2,6],[3,2,3,3],[3,4,3,5],[4,2,4,3],[4,4,4,5],[5,2,5,3],[5,4,5,5],[6,2,6,3],[6,4,6,5],[7,2,7,3],[7,4,7,5],[8,2,8,3],[8,4,8,5],[9,2,9,3],[9,4,9,5],[10,2,10,3],[10,4,10,5],[11,2,11,3],[11,4,11,5],[12,2,12,3],[12,4,12,5],[13,2,13,3],[13,4,13,5],[14,2,14,3],[14,4,14,5],[15,2,15,3],[15,4,15,5],[16,2,16,3],[16,4,16,5],[17,2,17,3],[17,4,17,5],[18,2,18,3],[18,4,18,5],[19,2,19,3],[19,4,19,5],[20,2,20,3],[20,4,20,5],[21,2,21,3],[21,4,21,5],[22,2,22,3],[22,4,22,5],[23,2,23,3],[23,4,23,5],[24,2,24,3],[24,4,24,5],[25,2,25,3],[25,4,25,5],[26,2,26,3],[26,4,26,5],[27,2,27,3],[27,4,27,5],[28,2,28,3],[28,4,28,5],[29,2,29,3],[29,4,29,5],[30,2,30,3],[30,4,30,5],[31,2,31,3],[31,4,31,5],[32,2,32,3],[32,4,32,5],[33,2,33,3],[33,4,33,5],[34,2,34,3],[34,4,34,5],[35,0,35,3],[35,4,35,5],[36,0,36,6],[37,0,37,2],[37,3,37,4],[37,5,37,6]]}
[]
["暂列金额明细表"]
["工程名称：广东以色列科研楼部分实验室工艺一体化设备购买及配套安装项目-安装",null,null,"标段：",null,"第 1 页  共 1 页"]
["序号","名称","计量单位",null,"暂定金额（元）",null,"备注"]
["1","暂列金额",null,null,21380.55]
{"$rows_empty":30}
["合    计",{"$nulls":3},"21380.55",null,"—"]
["注：此表由招标人填写，如不能详列，也可只列暂列金额总额，投标人应将上述暂列金额计入投标总价中。"]
[{"$nulls":5},"表—12—1"]

{"sheet":"表-12-3 专业工程暂估价及结算价表","index":8,"n_rows":37,"n_cols":9,"rows_kept":37,"merged":[[0,0,0,5],[0,6,0,8],[1,0,1,8],[2,0,2,3],[2,4,2,5],[2,6,2,8],[3,3,3,4],[3,5,3,6],[4,3,4,4],[4,5,4,6],[5,3,5,4],[5,5,5,6],[6,3,6,4],[6,5,6,6],[7,3,7,4],[7,5,7,6],[8,3,8,4],[8,5,8,6],[9,3,9,4],[9,5,9,6],[10,3,10,4],[10,5,10,6],[11,3,11,4],[11,5,11,6],[12,3,12,4],[12,5,12,6],[13,3,13,4],[13,5,13,6],[14,3,14,4],[14,5,14,6],[15,3,15,4],[15,5,15,6],[16,3,16,4],[16,5,16,6],[17,3,17,4],[17,5,17,6],[18,3,18,4],[18,5,18,6],[19,3,19,4],[19,5,19,6],[20,3,20,4],[20,5,20,6],[21,3,21,4],[21,5,21,6],[22,3,22,4],[22,5,22,6],[23,3,23,4],[23,5,23,6],[24,3,24,4],[24,5,24,6],[25,3,25,4],[25,5,25,6],[26,3,26,4],[26,5,26,6],[27,3,27,4],[27,5,27,6],[28,3,28,4],[28,5,28,6],[29,3,29,4],[29,5,29,6],[30,3,30,4],[30,5,30,6],[31,3,31,4],[31,5,31,6],[32,3,32,4],[32,5,32,6],[33,3,33,4],[33,5,33,6],[34,0,34,2],[34,3,34,4],[34,5,34,6],[35,0,35,8],[36,0,36,3],[36,4,36,5],[36,6,36,8]]}
[]
["专业工程暂估价及结算价表"]
["工程名称：广东以色列科研楼部分实验室工艺一体化设备购买及配套安装项目-安装",{"$nulls":3},"标段：",null,"第 1 页  共 1 页"]
["序号","工程名称","工程内容","暂估金额\n（元）",null,"结算金额\n(元)",null,"差额\n±(元)","备注"]
["1","专业工程暂估价",null,1000]
["1.1","门禁线路",null,1000]
{"$rows_empty":28}
["合    计",null,null,"1000.00",{"$nulls":4},"—"]
["注：此表“暂估金额”由招标人填写，投标人应将“暂估金额”计入投标总价中。结算时按合同约定结算金额填写。"]
[{"$nulls":6},"表—12—3"]

{"sheet":"表-13 规费、税金项目清单与计价表","index":9,"n_rows":37,"n_cols":8,"rows_kept":37,"merged":[[0,0,0,7],[1,0,1,2],[1,3,1,5],[1,6,1,7],[2,2,2,3],[2,5,2,6],[3,2,3,3],[3,5,3,6],[4,2,4,3],[4,5,4,6],[5,2,5,3],[5,5,5,6],[6,2,6,3],[6,5,6,6],[7,2,7,3],[7,5,7,6],[8,2,8,3],[8,5,8,6],[9,2,9,3],[9,5,9,6],[10,2,10,3],[10,5,10,6],[11,2,11,3],[11,5,11,6],[12,2,12,3],[12,5,12,6],[13,2,13,3],[13,5,13,6],[14,2,14,3],[14,5,14,6],[15,2,15,3],[15,5,15,6],[16,2,16,3],[16,5,16,6],[17,2,17,3],[17,5,17,6],[18,2,18,3],[18,5,18,6],[19,2,19,3],[19,5,19,6],[20,2,20,3],[20,5,20,6],[21,2,21,3],[21,5,21,6],[22,2,22,3],[22,5,22,6],[23,2,23,3],[23,5,23,6],[24,2,24,3],[24,5,24,6],[25,2,25,3],[25,5,25,6],[26,2,26,3],[26,5,26,6],[27,2,27,3],[27,5,27,6],[28,2,28,3],[28,5,28,6],[29,2,29,3],[29,5,29,6],[30,2,30,3],[30,5,30,6],[31,2,31,3],[31,5,31,6],[32,2,32,3],[32,5,32,6],[33,2,33,3],[33,5,33,6],[34,0,34,6],[35,0,35,2],[35,3,35,7],[36,0,36,2],[36,3,36,5],[36,6,36,7]]}
["规费、税金项目清单与计价表"]
["工程名称：广东以色列科研楼部分实验室工艺一体化设备购买及配套安装项目-安装",null,null,"标段：",null,null,"第 1 页  共 1 页"]
["序号","项目名称","计算基础",null,"取费基数","计算费率\n(%)",null,"金额(元)"]
["1","增值税销项税额","分部分项合计+措施合计+其他项目",null,257531.47,"9",null,23177.83]
{"$rows_empty":30}
["合    计",{"$nulls":6},23177.83]
[" 编制人（造价人员）：",null,null,"复核人（造价工程师）："]
[{"$nulls":6},"表—13"]

{"sheet":"5.1-1单位工程人材机汇总表","index":10,"n_rows":190,"n_cols":11,"rows_kept":190,"merged":[[0,0,0,10],[1,0,1,6],[1,8,1,10],[2,6,2,8],[3,6,3,8],[4,6,4,8],[5,6,5,8],[6,6,6,8],[7,6,7,8],[8,6,8,8],[9,6,9,8],[10,6,10,8],[11,6,11,8],[12,6,12,8],[13,6,13,8],[14,6,14,8],[15,6,15,8],[16,6,16,8],[17,6,17,8],[18,6,18,8],[19,6,19,8],[20,6,20,8],[21,6,21,8],[22,6,22,8],[23,6,23,8],[24,6,24,8],[25,6,25,8],[26,6,26,8],[27,6,27,8],[28,6,28,8],[29,6,29,8],[30,6,30,8],[31,6,31,8],[32,6,32,8],[33,6,33,8],[34,0,34,10],[35,0,35,6],[35,8,35,10],[36,6,36,8],[37,6,37,8],[38,6,38,8],[39,6,39,8],[40,6,40,8],[41,6,41,8],[42,6,42,8],[43,6,43,8],[44,6,44,8],[45,6,45,8],[46,6,46,8],[47,6,47,8],[48,6,48,8],[49,6,49,8],[50,6,50,8],[51,6,51,8],[52,6,52,8],[53,6,53,8],[54,6,54,8],[55,6,55,8],[56,6,56,8],[57,6,57,8],[58,6,58,8],[59,6,59,8],[60,6,60,8],[61,6,61,8],[62,6,62,8],[63,6,63,8],[64,6,64,8],[65,6,65,8],[66,6,66,8],[67,6,67,8],[68,6,68,8],[69,6,69,8],[70,6,70,8],[71,0,71,10],[72,0,72,6],[72,8,72,10],[73,6,73,8],[74,6,74,8],[75,6,75,8],[76,6,76,8],[77,6,77,8],[78,6,78,8],[79,6,79,8],[80,6,80,8],[81,6,81,8],[82,6,82,8],[83,6,83,8],[84,6,84,8],[85,6,85,8],[86,6,86,8],[87,6,87,8],[88,6,88,8],[89,6,89,8],[90,6,90,8],[91,6,91,8],[92,6,92,8],[93,6,93,8],[94,6,94,8],[95,6,95,8],[96,6,96,8],[97,6,97,8],[98,6,98,8],[99,6,99,8],[100,0,100,10],[101,0,101,6],[101,8,101,10],[102,6,102,8],[103,6,103,8],[104,6,104,8],[105,6,105,8],[106,6,106,8],[107,6,107,8],[108,6,108,8],[109,6,109,8],[110,6,110,8],[111,6,111,8],[112,6,112,8],[113,6,113,8],[114,6,114,8],[115,6,115,8],[116,6,116,8],[117,6,117,8],[118,6,118,8],[119,6,119,8],[120,6,120,8],[121,6,121,8],[122,6,122,8],[123,6,123,8],[124,6,124,8],[125,6,125,8],[126,6,126,8],[127,6,127,8],[128,6,128,8],[129,6,129,8],[130,6,130,8],[131,0,131,10],[132,0,132,6],[132,8,132,10],[133,6,133,8],[134,6,134,8],[135,6,135,8],[136,6,136,8],[137,6,137,8],[138,6,138,8],[139,6,139,8],[140,6,140,8],[141,6,141,8],[142,6,142,8],[143,6,143,8],[144,6,144,8],[145,6,145,8],[146,6,146,8],[147,6,147,8],[148,6,148,8],[149,6,149,8],[150,6,150,8],[151,6,151,8],[152,6,152,8],[153,6,153,8],[154,0,154,10],[155,0,155,6],[155,8,155,10],[156,6,156,8],[157,6,157,8],[158,6,158,8],[159,6,159,8],[160,6,160,8],[161,6,161,8],[162,6,162,8],[163,6,163,8],[164,6,164,8],[165,6,165,8],[166,6,166,8],[167,6,167,8],[168,6,168,8],[169,6,169,8],[170,6,170,8],[171,6,171,8],[172,6,172,8],[173,6,173,8],[174,6,174,8],[175,6,175,8],[176,6,176,8],[177,6,177,8],[178,6,178,8],[179,6,179,8],[180,6,180,8],[181,6,181,8],[182,6,182,8],[183,6,183,8],[184,6,184,8],[185,6,185,8],[186,6,186,8],[187,6,187,8],[188,6,188,8],[189,6,189,8]]}
["单位工程人材机汇总表"]
["工程名称：广东以色列科研楼部分实验室工艺一体化设备购买及配套安装项目-安装",{"$nulls":7},"第 1 页  共 6 页"]
["序号","编码","名称及规格","单位","数量","单价\n（元）","合价\n（元）",null,null,"品牌","厂家"]
[1,"00010010","人工费","元",42418.4939,1,42418.49]
[2,"RGFTZ","人工费调整","元",1796.0925,1,1796.09]
[3,"01030035","镀锌低碳钢丝φ1.2~2.5","kg",13.2985,5.57,74.07]
[4,"01030055","镀锌低碳钢丝φ2.5~4.0","kg",2.5171,5.57,14.02]
[5,"01290043","钢板8~15","kg",1.564,3.27,5.11]
[6,"01530060","封铅含铅65% 含锡35%","kg",10.2556,27.34,280.39]
[7,"02010013","橡胶板1~3","kg",0.3736,26.61,9.94]
[8,"02010015","橡胶板4~15","kg",0.422,11.48,4.84]
[9,"02130070","聚四氟乙烯生料带26mm×20m×0.1mm","m",48.64,0.13,6.32]
[10,"02270001","棉纱","kg",0.288,11.87,3.42]
[11,"02270020","白布","kg",5.6471,2.84,16.04]
[12,"02270030","白布宽900","m",0.35,5.12,1.79]
[13,"02270180","破布一级","kg",5.2805,7.44,39.29]
[14,"03010115","镀锌自攻螺钉M4~6×20~35","十套",2.24,3.52,7.88]
[15,"03010225","木螺钉M2~4×6~65","十套",0.252,0.19,0.05]
[16,"03010250","木螺钉M6×100","十套",0.28,1.3,0.36]
[17,"03010430","六角螺栓综合","kg",0.1954,5.77,1.13]
[18,"03011390","铜接地端子带螺栓DT-6mm2","十套",13.65,10.74,146.6]
[19,"03011425","半圆头镀锌螺栓M5×40","十套",0.612,0.6,0.37]
[20,"03011430","半圆头镀锌螺栓M2~5×15~50","十套",86.32,0.46,39.71]
[21,"03011430@1","半圆头镀锌螺栓M2~5×15~50","十套",18.928,0.44,8.33]
[22,"03011605","镀锌六角螺栓2平1弹垫 M10×100以内","十套",1.68,5.21,8.75]
[23,"03013051","膨胀螺栓M10","十套",3.264,6.02,19.65]
[24,"03013431","塑料胀管D6~8","十套",3.83,0.62,2.37]
[25,"03014101","镀锌锁紧螺母DN25×1.5","十套",2.788,2.49,6.94]
[26,"03014111","镀锌锁紧螺母DN32×1.5","十套",0.5469,3.2,1.75]
[27,"03014271","镀锌锁紧螺母DN20×1.5","十套",34.4207,1.63,56.11]
[28,"03014291","镀锌锁紧螺母DN20×3","十套",53.845,3.94,212.15]
[29,"03131001","砂轮片综合","片",51.345,13.33,684.43]
[30,"03134021","铁砂布0~2#","张",13.472,0.98,13.2]
[31,"03135021","低碳钢焊条结422 φ3.2","kg",0.0977,7.37,0.72]
["单位工程人材机汇总表"]
["工程名称：广东以色列科研楼部分实验室工艺一体化设备购买及配套安装项目-安装",{"$nulls":7},"第 2 页  共 6 页"]
["序号","编码","名称及规格","单位","数量","单价\n（元）","合价\n（元）",null,null,"品牌","厂家"]
[32,"03136021","焊锡丝综合","kg",0.64,7.96,5.09]
[33,"03137041","焊锡膏","kg",0.14,48.66,6.81]
[34,"03138001","锡基钎料","kg",0.35,54.31,19.01]
[35,"03139011","冲击钻头φ10","个",2.2019,7.08,15.59]
[36,"03139021","冲击钻头φ12","个",0.192,8.85,1.7]
[37,"03139071","冲击钻头φ6~8","个",0.588,3.19,1.88]
[38,"03139151","合金钢钻头φ3","个",0.14,0.57,0.08]
[39,"03139281","钢锯条","条",73.7394,0.44,32.45]
[40,"03139521","合金钢钻头φ10","个",2.7585,4.73,13.05]
[41,"03139571","树脂砂轮切割片φ400","片",2.6059,36.23,94.41]
[42,"04010015@1","复合普通硅酸盐水泥P.C 32.5","t",0.489,428.18,209.38]
[43,"04030015@1","中砂","m3",1.7115,223.3,382.18]
[44,"05050050","胶合板2440×1220×3","m2",0.07,14.92,1.04]
[45,"10130100","镀锌槽型吊码双边 δ3","个",199.82,0.76,151.86]
[46,"13010050","醇酸清漆","kg",8.0712,14.92,120.42]
[47,"13010120","酚醛磁漆","kg",0.08,8.02,0.64]
[48,"13010130","酚醛调和漆","kg",0.24,11.28,2.71]
[49,"13030240","厚漆","kg",1.5416,10.62,16.37]
[50,"13050210","沥青绝缘漆","kg",1.0055,6.92,6.96]
[51,"13050470","钢结构厚型防火涂料","kg",0.35,10.66,3.73]
[52,"14030040","汽油综合","kg",7.7267,7.49,57.87]
[53,"14050050","溶剂油","kg",8.0676,4.08,32.92]
[54,"14070050","机油综合","kg",0.358,7.2,2.58]
[55,"14090010","电力复合脂","kg",3.28,14.96,49.07]
[56,"14330030","丙酮","kg",2.5984,10.08,26.19]
[57,"14330320","硬脂酸","kg",0.5039,6.56,3.31]
[58,"14350490","漂白粉综合","kg",0.118,5.5,0.65]
[59,"14390070","氧气","m3",0.1466,5.34,0.78]
[60,"14390100","乙炔气","kg",0.0489,13.77,0.67]
[61,"14410410","氯丁橡胶粘接剂","kg",1.7296,14.52,25.11]
[62,"14410600","胶粘剂","kg",0.033,1.95,0.06]
[63,"14430300","保温扎带","卷",23.04,2.74,63.13]
[64,"17010053","焊接钢管DN20","m",0.6843,7.07,4.84]
[65,"17250020","塑料异型管D5","m",0.91,3.18,2.89]
["单位工程人材机汇总表"]
["工程名称：广东以色列科研楼部分实验室工艺一体化设备购买及配套安装项目-安装",{"$nulls":7},"第 3 页  共 6 页"]
["序号","编码","名称及规格","单位","数量","单价\n（元）","合价\n（元）",null,null,"品牌","厂家"]
[66,"17250170","塑料软管D5","m",1.44,0.42,0.6]
[67,"17270175","橡胶软管DN20","m",0.3107,5.18,1.61]
[68,"18010760","黑玛钢活接头DN20","个",24.24,1.19,28.85]
[69,"19000210","螺纹阀门DN20","个",0.1954,29.73,5.81,null,null,"杰克龙","宁波杰克龙精工有限公司广东办事处"]
[70,"24110140","弹簧压力表Y-100 0~1.6MPa","块",0.0977,20.7,2.02]
[71,"24590010","压力表弯管DN15","个",0.0977,5.76,0.56]
[72,"27170001","电气绝缘胶带18mm×10m×0.13mm","卷",0.6,2.49,1.49]
[73,"28010090","裸铜线10mm2","kg",1.84,55.77,102.62]
[74,"28030290","双色多股铜芯聚氯乙烯绝缘软导线BVR-4mm2","m",553.2562,1.95,1078.85]
[75,"28030300","双色多股铜芯聚氯乙烯绝缘软导线BVR-6mm2","m",33.085,2.9,95.95]
[76,"28030450","铜芯聚氯乙烯绝缘导线BV-105℃-2.5mm2","m",340.6737,1.15,391.77]
[77,"28030480","铜芯聚氯乙烯绝缘导线BV-2.5mm2","m",25.352,1.62,41.07]
[78,"28030480@2","铜芯聚氯乙烯绝缘导线BV-2.5mm2","m",27.755,1.15,31.92]
[79,"28030669","阻燃铜芯聚氯乙烯绝缘绞型软导线ZR-RVS 2×1.5mm2","m",1.071,3.78,4.05]
[80,"29060040","镀锌电线管接头20×1.5","个",573.6791,1.02,585.15]
[81,"29060045","镀锌电线管接头25×1.5","个",46.4659,1.21,56.22]
[82,"29060050","镀锌电线管接头32×1.5","个",9.1155,1.9,17.32]
[83,"29060100","镀锌电线管塑料护口DN15~20","个",344.2075,0.18,61.96]
[84,"29060105","镀锌电线管塑料护口DN25~32","个",33.3488,0.27,9]
[85,"29060115","镀锌钢管塑料护口DN15~20","个",562.8637,0.06,33.77]
[86,"29070150","电缆敷设牵引头综合","只",0.023,382.98,8.81]
[87,"29090210","铜接线端子DT-2.5mm2","个",98.455,1.15,113.22]
[88,"29090220","铜接线端子DT-10mm2","个",16.24,2.33,37.84]
[89,"29170210","镀锌地线夹20","套",1835.7731,0.37,679.24]
[90,"29170220","镀锌地线夹25","套",148.6908,0.55,81.78]
[91,"29170230","镀锌地线夹32","套",29.1696,0.82,23.92]
["单位工程人材机汇总表"]
["工程名称：广东以色列科研楼部分实验室工艺一体化设备购买及配套安装项目-安装",{"$nulls":7},"第 4 页  共 6 页"]
["序号","编码","名称及规格","单位","数量","单价\n（元）","合价\n（元）",null,null,"品牌","厂家"]
[92,"34110010","水","m3",2.3044,3.42,7.88]
[93,"34130001","标志牌塑料扁形","个",93.1472,1,93.15]
[94,"35250001","电缆敷设滚轮综合","个",0.0382,43.42,1.66]
[95,"35250010","电缆敷设转向导轮综合","个",0.0099,111.02,1.1]
[96,"37091110","钢垫板1~2","kg",1.2,2.94,3.53]
[97,"99450760","其他材料费","元",253.7449,1,253.74]
[98,"CLFTZ","材料费调整","元",1.5E-3,1]
[99,"03072021","地漏","个",3.03,60.58,183.56]
[100,"15000020@1","橡塑保温套管","m",30.6,3.33,101.9,null,null,"保珑福乐斯","中山市保珑橡塑制品有限公司"]
[101,"17050017","不锈钢管DN25","m",173.536,18.78,3259.01]
[102,"17050017@1","316给水管不锈钢管DN20","m",20.213,23.28,470.56]
[103,"17050017@2","316给水管不锈钢管DN15","m",51.272,14.16,726.01]
[104,"17050017@3","304给水管不锈钢管DN20","m",88.74,11.64,1032.93]
[105,"17050017@5","304给水管不锈钢管DN15","m",118.32,7.08,837.71]
[106,"17050017@6","304冷冻给水管DN20","m",29.58,11.64,344.31]
[107,"17250370@2","塑料管DE50","m",64.768,4.97,321.9,null,null,"日丰","日丰企业集团有限公司"]
[108,"17250370@3","塑料管DE75","m",78.4,6.22,487.65]
[109,"18050240","给水室内不锈钢管卡压管件","个",22.878,20.61,471.52]
[110,"18050240@1","不锈钢管接头零件DN25","个",189.2,26.67,5045.96]
[111,"18050240@2","不锈钢管接头零件DN15","个",230.652,12.21,2816.26]
[112,"18050240@3","不锈钢管接头零件DN20","个",133.92,20.61,2760.09]
[113,"18090060@1","室内塑料排水管热熔管件DE50","个",44.16,2.33,102.89]
[114,"18090983@2","室内塑料排水管热熔管件DE75","个",70.8,6.46,457.37]
[115,"19000001@1","减压阀","个",12.12,284.27,3445.35]
[116,"19000001@2","隔膜阀","个",12.12,128.81,1561.18]
[117,"19030170","螺纹闸阀","个",7.07,25.96,183.54]
[118,"23410060@1","紧急按钮","个",7,150.44,1053.08,null,null,"霍尼韦尔","深圳市人居安电子科技有限公司"]
[119,"24010020","螺纹水表","个",7,80.48,563.36]
["单位工程人材机汇总表"]
["工程名称：广东以色列科研楼部分实验室工艺一体化设备购买及配套安装项目-安装",{"$nulls":7},"第 5 页  共 6 页"]
["序号","编码","名称及规格","单位","数量","单价\n（元）","合价\n（元）",null,null,"品牌","厂家"]
[120,"25000001@4","嵌入式灯盘1200*300","套",85.85,461.93,39656.69]
[121,"25000001@5","嵌入式洁净灯盘1200*300","套",9.09,497.47,4522]
[122,"25000001@6","嵌入式洁净灯盘600*600","套",3.03,426.4,1291.99]
[123,"25610090","镀锌圆钢吊杆带螺母、垫圈","根",407.4,2.49,1014.43]
[124,"26050001@2","四位开关","个",9.18,36.95,339.2,null,null,"德力西","深圳市纠结伦电气有限公司"]
[125,"26050001@3","单位开关","个",8.16,18.7,152.59,null,null,"罗格朗","深圳市宝安区沙井德信五交行"]
[126,"26050001@4","双位开关","个",3.06,26.6,81.4,null,null,"罗格朗","深圳市宝安区沙井德信五交行"]
[127,"26050001@5","三位开关","个",2.04,32.33,65.95]
[128,"26410060@1","220V/16A插座","个",67.32,23.1,1555.09]
[129,"26410060@2","220/10A插座","个",25.5,17.77,453.14]
[130,"26410060@3","380V/16A插座","个",18.36,119.93,2201.91]
[131,"28030270@1","六类网线","m",571.2,5.33,3044.5,null,null,"秋叶原","深圳市秋叶原实业有限公司"]
[132,"28030270@2","ZRRVSR-4*1.5","m",45.186,17.59,794.82,null,null,"秋叶原","深圳市秋叶原实业有限公司"]
[133,"28110210@1","YJE3*4","m",1093.7795,6.78,7415.83,null,null,"粤威龙","深圳市粤威龙贸易有限公司"]
[134,"28110210@2","YJE3*2.5","m",741.0673,6.31,4676.13,null,null,"鸿兴发","深圳市鸿兴发五金有限公司"]
[135,"28110210@3","YJE5*6","m",25.25,42.39,1070.35,null,null,"中南人防","广东中南人防防护设备工程有限公司江门办事处"]
[136,"28110210@4","YJE3*16","m",14.443,54.13,781.8]
[137,"28110210@5","YJE5*16","m",106.05,86.46,9169.08]
[138,"28110210@7","YJE4*70+1*35","m",15.15,199.56,3023.33]
[139,"28110210@8","YJE5*4","m",198.6165,27.86,5533.46]
["单位工程人材机汇总表"]
["工程名称：广东以色列科研楼部分实验室工艺一体化设备购买及配套安装项目-安装",{"$nulls":7},"第 6 页  共 6 页"]
["序号","编码","名称及规格","单位","数量","单价\n（元）","合价\n（元）",null,null,"品牌","厂家"]
[140,"29030030@1","MR50*50","m",133.9,19.54,2616.41]
[141,"29060030@1","MT19","m",1717.9164,4.74,8142.92]
[142,"29060030@2","MT16","m",576.8,2.98,1718.86]
[143,"29060030@3","MT32","m",36.462,13.56,494.42]
[144,"29060030@4","MT25","m",185.8635,7.2,1338.22]
[145,"29110390","接线盒","个",246.84,1.72,424.56]
[146,"50350010","排气扇","台",6,106.6,639.6,null,null,"梁田","高登五金机电（广东）有限公司"]
[147,"55090080@1","配电箱AP203-2","台",1,2485,2485]
[148,"55090080@2","配电箱AP203-1","台",1,1385,1385]
[149,"55090080@4","配电箱AP411","台",1,1285,1285]
[150,"55090080@5","配电箱AP509","台",1,1085,1085]
[151,"55090080@6","配电箱AP707","台",1,1285,1285]
[152,"55090080@7","配电箱AP806","台",1,2800,2800]
[153,"55090080@8","配电箱AP809","台",1,1085,1085]
[154,"55090080@9","配电箱AP203-4","台",1,3200,3200]
[155,"55150001@1","C65N-D20A/2P+VEDZ型","个",3,145,435]
[156,"00010003","机上人工","工日",0.3973,230,91.38]
[157,"99450630","折旧费","元",70.3905,1,70.39]
[158,"99450640","检修费","元",9.3457,1,9.35]
[159,"99450650","维护费","元",34.335,1,34.34]
[160,"99450660","安拆费","元",5.2903,1,5.29]
[161,"99450680","柴油(机械用)0#","kg",5.6983,6.61,37.67]
[162,"99450700","电(机械用)","kw·h",40.3038,0.55,22.17]
[163,"99450700@1","电(机械用)","kW·h",6.8171,0.55,3.75]
[164,"99450700@2","电(机械用)","kw·h",1.8488,0.55,1.02]
[165,"99451300","校验费","元",18.1392,1,18.14]
[]
[]
[]
[]
[]
[]
[null,null,"合计",{"$nulls":3},194875.52]